000 01598nam0a22002651 4500
001 rc\2215198
005 20260407090544.0
035 _a(NLR Aleph) 006511736
090 _a6337522
_c6337522
100 _a20110829d1979 |||y0rusy50 ca
101 0 _arus
102 _aRU
105 _aa z |||||
200 1 _aРекомендации по технологической подготовке специализированных предприятий к выпуску из капитального ремонта дизелей с повышенным ресурсом
_fГос. всесоюз. н.-и. технол. ин-т ремонта эксплуатации маш.-тракт. парка
210 _aМосква
_cГосНИТИ
_d1979
215 _a60 с., 1 л. табл.
_cил.
_d21
320 _aПеречень нормат.-техн. документации: с. 35-36 (31 назв.)
606 _aСельскохозяйственные машины и орудия
_xДвигатели
_xКапитальный ремонт
_2psbo
606 _aРемонтные предприятия "Сельхозтехники"
_xТехнологическая подготовка производства
_2psbo
712 0 2 _aВсесоюзный научно-исследовательский технологический институт ремонта и эксплуатации машинно-тракторного парка
_3RU\NLR\AUTH\8814846
_9302984
801 0 _aRU
_bNLR
_gpsbo
801 1 _aRU
_bELAR
_2rusmarc
852 _aNLR
_j80-6/3663
942 _cBOOK
980 _aNB